Nazwy rodowe w nazewnictwie miejscowym Ukrainy i pogranicza polsko-ukraińskiego od XVI do XVIII wieku (na tle toponimii ziem sąsiednich)

Titel: Nazwy rodowe w nazewnictwie miejscowym Ukrainy i pogranicza polsko-ukraińskiego od XVI do XVIII wieku (na tle toponimii ziem sąsiednich)
Verfasser:
In: Nazwy własne na pograniczach kulturowych, (2000), Seite 235-239
alle Artikel anzeigen
Veröffentlicht: 2000
Format: Aufsatz
Sprache: Polnisch
Kein Bild verfügbar
X
alg: 39365912
001A    $01999:12-11-16 
001B    $01999:25-05-21 $t21:46:15.000 
001D    $01999:12-11-16 
001U    $0utf8 
001X    $00 
002@    $0Aox 
003@    $0393659127 
007A    $0393659127 $aHEB 
007T    $0Herdk22991 
010@    $apol 
011@    $a2000 
021A    $aNazwy rodowe w nazewnictwie miejscowym Ukrainy i pogranicza polsko-ukraińskiego od XVI do XVIII wieku (na tle toponimii ziem sąsiednich) 
028A    $aPluskota $dTeresa 
031A    $h235-239 $j2000 
039B    $aIn $8--Aay--. Nazwy własne na pograniczach kulturowych. - Białystok : Uniw. w Białymstoku, Inst. Filologii Wschodnioslowianskie, 2000. - 302 S.. - Kt.. - ISBN 83-88463-08-x $x200000000000000765 $9113201818 
045F    $a417.709438 $eDDC23BSB 
045F/01 $a417.7 
045F/03 $g438 

lok: 39365912 78

exp: 39365912 78 1 #EPN
201B/01 $018-11-16 $t09:26:18.000 
201U/01 $0utf8 
203@/01 $0789769611 
208@/01 $a12-11-16 $be 
209A/01 $a/ $f000 $x00 
220C/01 $aTitelaufnehmer: pbb 
220C/01 $aHerkunft: IH PAN/PBB Kraków 
244Z/01 $2Trx $#Poola $#Lenkija $#Polija $#Polen Land $#Poland $#Lengyelország $#Poľsko $#Polsko $8--Trx--Polska$gkraj $x01 $9391345966 
244Z/01 $2Trx $#Ukraina $#Ukraine $#Ukrajna $#Ukraina $#Ukrajina $#Ukrajina $8--Trx--Ukraïna $x02 $9391296876 
244Z/01 $aGeschichte 1500-1800 $x03 
244Z/01 $2Trx $#nimeteadus asukohad $#onomastika vietovardžiai $#onomatology places $#névtan helységek $#onomastyka, miejscowości $#onomastika miesta $#onomastika místa $#Toponomie $#toponomastyka $#toponomastika $8--Trx--Namenkunde$gOrte $x04 $9391383450 
244Z/01 $2Trx $#suhted, Poola-Ukraina $#santykiai, lenkų ir ukrainiečių $#relations, Polish-Ukrainian $#kapcsolatok, lengyel-ukrán $#stosunki polsko-ukraińskie $#vzťahy poľsko-ukrajinské $#vztahy polsko-ukrajinské $8--Trx--Beziehungen, polnisch-ukrainische $x05 $9391377000 
244Z/01 $2Trx $8--Trx--Einzelbeiträge $x06 $9391384570 
245Z/01 $a11.07 $x01 
247C/01 $82080>Marburg/Lahn, Herder-Institut, Forschungsbibliothek, Bibliographieportal $9336309341
LEADER 00000caa a22000002c 4500
001 393659127
003 DE-603
005 20210525214615.0
007 tu
008 161112s2000 xx |||| | u00||u|pol c
035 |a (DE-599)HEB393659127 
040 |a DE-603  |b ger  |c DE-603  |d DE-603 
041 |a pol 
082 0 4 |8 1\u  |a 417.709438  |q DE-101  |2 23/BSB 
085 |8 1\u  |b 417.7 
085 |8 1\u  |z 2  |s 438 
100 1 |a Pluskota, Teresa 
245 0 0 |a Nazwy rodowe w nazewnictwie miejscowym Ukrainy i pogranicza polsko-ukraińskiego od XVI do XVIII wieku (na tle toponimii ziem sąsiednich) 
264 0 |c 2000 
773 0 8 |i In  |t Nazwy własne na pograniczach kulturowych  |d Białystok : Uniw. w Białymstoku, Inst. Filologii Wschodnioslowianskie, 2000  |h 302 S., Kt.  |z 838846308x  |g (2000), Seite 235-239  |w (DE-603)113201818 
924 0 |9 2080  |a (DE-603)789769611  |b DE-2080  |c HES  |d d  |g /